West Ham United FC 2020-2021 Squad - Statistics

General Stats
  • This quiz has been taken 432 times
    423 since last reset
  • The average score is 19 of 24
Answer Stats
Position Kit Number Nationality Answer % Correct
GK #1 Poland Łukasz Fabiański
99%
Manager N/A Scotland David Moyes
94%
MID #28 Czech Republic Tomáš Souček
93%
DEF #3 England Aaron Cresswell
89%
MID #41 Ireland Declan Rice
89%
DEF #5 Czech Republic Vladimír Coufal
89%
MID (c) #16 England Mark Noble
88%
DEF #21 Italy Angelo Ogbonna
87%
MID #10 Argentina Manuel Lanzini
85%
FOR #30 England Michail Antonio
85%
MID #18 Spain Pablo Fornals
84%
GK #35 Ireland Darren Randolph
82%
FOR #7 Ukraine Andriy Yarmolenko
80%
DEF #23 France Issa Diop
79%
DEF #4 Paraguay Fabián Balbuena
74%
DEF #26 D.R Congo Arthur Masuaku
73%
FOR #20 England Jarrod Bowen
73%
FOR #22 France Sébastien Haller
71%
DEF #15 England Craig Dawson
67%
MID #11 Scotland Robert Snodgrass
67%
DEF #31 England Ben Johnson
58%
DEF #24 England Ryan Fredericks
57%
GK #25 England David Martin
56%
FOR #9 Algeria Saïd Benrahma
36%
No matching quizzes found
Score Distribution
Percent of People with Each Score
Percentile by Number Answered
Your Score History
You have not taken this quiz since the last reset